000 00708cam a22002177a 4500
001 17699713
005 20241108173607.0
008 130416s2013 enka 001 0 eng d
020 _a1781006377 (hardback)
020 _a9781781006375 (hardback)
050 0 0 _aHD57.7
_b.A96 2013
245 0 0 _aAuthentic leadership :
_bclashes, convergences and coalescences /
_cedited by Donna Ladkin, Chellie Spiller.
260 _aCheltenham, UK ;
_aNorthampton, MA :
_bEdward Elgar,
_c2013.
300 _axxx, 309 p. :
_bill. ;
_c24 cm.
500 _aIncludes Index
650 0 _aLeadership.
650 0 _aOrganizational effectiveness.
700 1 _aLadkin, Donna.
700 1 _aSpiller, Chellie.
942 _2lcc
_cBK
_n0
999 _c932
_d932